00857cam a2200253 a 4500001000500000005001700005020001800022040002300040050001900063082000800082100001800090245006000108250002800168260003800196300004600234490003500280505000800315520014900323521002000472521002000492650004100512650001300553700003700566290820240123102630.0 a9780448413259 aDLCcDLCdDLCbeng00aDT62.M7b 199600a9321 aMilton, Joyce10aMummies /cby Joyce Milton ; illustrated by Susan Swan. aFirst published in 1996 aNew York :bPenguins Group,c1996 a48 pages :bcolor illustrations ;c24 cm. aPenguin young readers vBook 3 aN  aExplains the Egyptian pharaohs' beliefs about life after death, details the technique of mummification, and describes pyramids as burial places. a530 bLexile  aN bRaz-Plus  0aMummieszEgyptvJuvenile literature. 1aMummies.1 aSwan, Susand1944-eillustrator